Computational fluid dynamics: principles and applications. (2nd edition.) (Record no. 38199)

MARC details
000 -LEADER
fixed length control field 00640nam a2200169 a 4500
008 - FIXED-LENGTH DATA ELEMENTS--GENERAL INFORMATION
fixed length control field 090224s2005 ||||||||||||||||| || u
020 ## - INTERNATIONAL STANDARD BOOK NUMBER
International Standard Book Number 9780080445069
050 ## - LIBRARY OF CONGRESS CALL NUMBER
Classification number TA 357 Bla
100 ## - MAIN ENTRY--PERSONAL NAME
Personal name Blazek, J
245 10 - TITLE STATEMENT
Title Computational fluid dynamics: principles and applications. (2nd edition.)
Statement of responsibility, etc. By J. Blazek
250 ## - EDITION STATEMENT
Edition statement 2nd edition
260 ## - PUBLICATION, DISTRIBUTION, ETC.
Place of publication, distribution, etc. Amsterdam
Name of publisher, distributor, etc. Elsevier
Date of publication, distribution, etc. 2005
350 ## - PRICE (NR) (BK AM CF MU VM SE) [OBSOLETE]
Price 0.00
500 ## - GENERAL NOTE
General note [includes CDs]
650 ## - SUBJECT ADDED ENTRY--TOPICAL TERM
Topical term or geographic name entry element FLUID DYNAMICS--DATA PROCESSING
995 ## - RECOMMENDATION 995 [LOCAL, UNIMARC FRANCE]
-- 0.00
-- CBU-MAIN LIBRARY (Kitwe)
-- 1
-- 0.00
-- 1
-- AVAILABLE
-- Feb 24, 2009
-- Main Library Open Access Collection
Holdings
Withdrawn status Lost status Source of classification or shelving scheme Damaged status Not for loan Home library Current library Shelving location Date acquired Total Checkouts Full call number Barcode Date last seen Price effective from Koha item type
          CBU-MAIN LIBRARY, KITWE. CBU-MAIN LIBRARY, KITWE.   11/30/2022   TA 357 Bla 739507 11/30/2022 11/30/2022 MONOGRAPH